African animal alphabet : (Record no. 7915)

MARC details
000 -LEADER
fixed length control field 00844nam a22002417a 4500
001 - CONTROL NUMBER
control field 7915
003 - CONTROL NUMBER IDENTIFIER
control field FISKH
005 - DATE AND TIME OF LATEST TRANSACTION
control field 20250813154958.0
008 - FIXED-LENGTH DATA ELEMENTS--GENERAL INFORMATION
fixed length control field 250813b cb ||||| |||| 00| 0 eng d
020 ## - INTERNATIONAL STANDARD BOOK NUMBER
International Standard Book Number 9781426313226
040 ## - CATALOGING SOURCE
Original cataloging agency FISKH
Language of cataloging eng
Transcribing agency FISKH
Modifying agency FISKH
050 ## - LIBRARY OF CONGRESS CALL NUMBER
Classification number QL336 .J678
082 ## - DEWEY DECIMAL CLASSIFICATION NUMBER
Classification number 591.96
100 ## - MAIN ENTRY--PERSONAL NAME
Personal name Joubert, Beverly
245 ## - TITLE STATEMENT
Title African animal alphabet :
Remainder of title National Geographic little kids /
Statement of responsibility, etc. Beverly Joubert and Dereck Joubert
260 ## - PUBLICATION, DISTRIBUTION, ETC.
Place of publication, distribution, etc. Washington :
Name of publisher, distributor, etc. National Geography Society,
Date of publication, distribution, etc. 2011.
300 ## - PHYSICAL DESCRIPTION
Extent 48 pages :
Other physical details color illustrations ;
Dimensions 23 cm
520 ## - SUMMARY, ETC.
Summary, etc. Presents alphabetically arranged entries describing animals that live in Africa, including cheetahs, elephants, lions, and zebras.<br/>
650 ## - SUBJECT ADDED ENTRY--TOPICAL TERM
Topical term or geographic name entry element Africa
Form subdivision Alphabet
700 ## - ADDED ENTRY--PERSONAL NAME
Personal name Joubert, Dereck
Relator term illustrator
942 ## - ADDED ENTRY ELEMENTS (KOHA)
Source of classification or shelving scheme Dewey Decimal Classification
Koha item type Books
Suppress in OPAC No
Holdings
Withdrawn status Lost status Source of classification or shelving scheme Damaged status Not for loan Collection Home library Current library Shelving location Date acquired Total Checkouts Full call number Barcode Date last seen Copy number Price effective from Koha item type
    Dewey Decimal Classification     Non-Fiction Footprints International School Library Network Toul Kork Campus Footprints International School Library Network Toul Kork Campus A TK Campus, 4th Floor, Room B401, Non-Fiction Bookcases(7-8) 08/13/2025   JOU 591.96 QL336 .J678 FISBK00606 08/13/2025 1 08/13/2025 Books